[Event "EGY-chT"]
[Site "Egypt"]
[Date "2016.05.10"]
[Round "6.6"]
[White "Hussein, Akram"]
[Black "Abo Elkheir, Hany"]
[Result "1-0"]
[WhiteElo "2011"]
[BlackElo "1769"]
[PlyCount "57"]
[EventDate "2016.05.05"]
[EventType "team-tourn"]
[EventRounds "9"]
[EventCountry "EGY"]
[SourceTitle "CBM 172 Extra"]
[Source "ChessBase"]
[SourceDate "2016.06.21"]
[SourceVersion "1"]
[SourceVersionDate "2016.06.21"]
[SourceQuality "1"]
[WhiteTeam "Elsharkia Zagazig"]
[BlackTeam "Gezeret Elward"]
[WhiteTeamCountry "EGY"]
[BlackTeamCountry "EGY"]

1. b3 Nf6 2. Nf3 d5 3. Bb2 e6 4. e3 Nbd7 5. Be2 Bd6 6. d4 0-0 7. Nbd2 c5 8. 0-0 Qc7 9. c4 Ne4 10. cxd5 exd5 11. Rc1 b6 12. h3 f5 13. dxc5 bxc5 14. Nxe4 dxe4 15. Bc4+ Kh8 16. Ng5 Ne5 17. Bxe5 Bxe5 18. Qd5 Bb7 19. Nf7+ Rxf7 20. Qxf7 Qb6 21. Qxf5 Re8 22. Rfd1 Bc8 23. Qf7 Rd8 24. Rd5 Qf6 25. Rcd1 Rf8 26. Qxf6 gxf6 27. Rd8 Kg7 28. Rxf8 Kxf8 29. Rd8+ 1-0